Statistics for Star Wars Antagonist

Click here to take the quiz!

General Stats

  • This quiz has been taken 53 times
    (31 since last reset)
  • The average score is 16 of 20

Answer Stats

HintRoleAnswer% Correct
Bounty HunterJango Fett
100%
ISith ApprenticeDarth Maul
95%
Sith LordDarth Sidious
95%
IISith LordCount Dooku
91%
Bounty HunterBoba Fett
86%
Sith LordDarth Sidious
86%
Sith ApprenticeDarth Vader
86%
Bounty HunterBoba Fett
82%
Sith LordCount Dooku
82%
IIISith LordDarth Sidious
82%
IVSith LordDarth Vader
82%
VSith LordDarth Vader
82%
Hutt GangsterJabba The Hutt
82%
VISith LordDarth Vader
77%
Separatist GeneralGeneral Grievous
77%
VIISith AppenticeKylo Ren
77%
Death Star GeneralGrand Moff Tarkin
73%
General of the First OrderGeneral Hux
59%
Sith LordSupreme Leader Snoke
55%
Sith LordEmperor
45%

Score Distribution

Percentile by Number Answered

Percent of People with Each Score

Your Score History

You have not taken this quiz since the last reset